| 000 | 00416nam a2200145 a 4500 | ||
|---|---|---|---|
| 001 | 000027974 | ||
| 005 | 20210920145801.0 | ||
| 008 | 110406s1983 dr 000 0 spa d | ||
| 040 |
_aDO-SdBNP _bspa _cBNPHU |
||
| 110 | 2 |
_aPartido de la Liberación Dominicana _931943 |
|
| 245 | 1 | 0 |
_aEstatutos. / _cPartido de la liberación dominicana. |
| 260 |
_aSanto Domingo, _c1983. |
||
| 300 |
_a20 p. ; _c14 cm. |
||
| 049 | _aBNPD | ||
| 999 |
_c27466 _d27466 |
||